Consumer Behaviour in Tourism (Record no. 17313)

MARC details
000 -LEADER
fixed length control field 00471nam a22001817a 4500
008 - FIXED-LENGTH DATA ELEMENTS--GENERAL INFORMATION
fixed length control field 181022b xxu||||| |||| 00| 0 eng d
020 ## - INTERNATIONAL STANDARD BOOK NUMBER
International Standard Book Number 0750667354
050 ## - LIBRARY OF CONGRESS CALL NUMBER
Classification number G155
Item number .S93 2007 c.1
100 ## - MAIN ENTRY--PERSONAL NAME
Personal name Swarbrooke, John
245 ## - TITLE STATEMENT
Title Consumer Behaviour in Tourism
Statement of responsibility, etc. John Swarbrooke
250 ## - EDITION STATEMENT
Edition statement 2nd ed.
260 ## - PUBLICATION, DISTRIBUTION, ETC. (IMPRINT)
Place of publication, distribution, etc. London
Name of publisher, distributor, etc. Routledge
Date of publication, distribution, etc. 2007
300 ## - PHYSICAL DESCRIPTION
Extent ix, 428p.
650 ## - SUBJECT ADDED ENTRY--TOPICAL TERM
Topical term or geographic name as entry element Consumer Behaviour
650 ## - SUBJECT ADDED ENTRY--TOPICAL TERM
Topical term or geographic name as entry element Tourism
710 ## - ADDED ENTRY--CORPORATE NAME
Corporate name or jurisdiction name as entry element Susan Horner
942 ## - ADDED ENTRY ELEMENTS (KOHA)
Source of classification or shelving scheme Library of Congress Classification
Koha item type General Collection
Holdings
Withdrawn status Lost status Source of classification or shelving scheme Not for loan Home library Current library Date acquired Total Checkouts Full call number Barcode Date last seen Price effective from Koha item type Cost, normal purchase price
    Library of Congress Classification   Kabarak, Main Campus Kabarak, Main Campus 22/10/2018   G155 .S93 2007 c.1 024629 22/10/2018 22/10/2018 General Collection  
    Library of Congress Classification   Kabarak, Main Campus Kabarak, Main Campus 17/10/2019   G155 .S93 2007 c.2 023987 17/10/2019 17/10/2019 General Collection 6500.00
Designed with assistance from East African Informatics Ltd